<?xml version="1.0" encoding="UTF-8"?><?xml-stylesheet type="text/xsl" href="static/style.xsl"?><OAI-PMH xmlns="http://www.openarchives.org/OAI/2.0/" xmlns:xsi="http://www.w3.org/2001/XMLSchema-instance" xsi:schemaLocation="http://www.openarchives.org/OAI/2.0/ http://www.openarchives.org/OAI/2.0/OAI-PMH.xsd"><responseDate>2026-04-28T21:15:32Z</responseDate><request verb="GetRecord" identifier="oai:uvadoc.uva.es:10324/5577" metadataPrefix="marc">https://uvadoc.uva.es/oai/request</request><GetRecord><record><header><identifier>oai:uvadoc.uva.es:10324/5577</identifier><datestamp>2021-09-06T09:09:02Z</datestamp><setSpec>com_10324_38</setSpec><setSpec>col_10324_852</setSpec></header><metadata><record xmlns="http://www.loc.gov/MARC21/slim" xmlns:doc="http://www.lyncode.com/xoai" xmlns:xsi="http://www.w3.org/2001/XMLSchema-instance" xmlns:dcterms="http://purl.org/dc/terms/" xsi:schemaLocation="http://www.loc.gov/MARC21/slim http://www.loc.gov/standards/marcxml/schema/MARC21slim.xsd">
<leader>00925njm 22002777a 4500</leader>
<datafield tag="042" ind1=" " ind2=" ">
<subfield code="a">dc</subfield>
</datafield>
<datafield tag="720" ind1=" " ind2=" ">
<subfield code="a">Martínez Acinas, Alejandro Luis</subfield>
<subfield code="e">author</subfield>
</datafield>
<datafield tag="260" ind1=" " ind2=" ">
<subfield code="c">2014</subfield>
</datafield>
<datafield tag="520" ind1=" " ind2=" ">
<subfield code="a">Esta ley tiene el objetivo fundamental de flexibilizar el mercado del alquiler en España para dar vida al mercado inmobiliario actual (en caída en picado desde el inicio de la crisis) mediante la búsqueda del equilibrio entre las necesidades de vivienda en alquiler y la garantía que el Estado debe dar a los arrendadores para que éstos saquen los miles de viviendas que existen en nuestro país al mercado del alquiler.</subfield>
</datafield>
<datafield tag="024" ind2=" " ind1="8">
<subfield code="a">http://uvadoc.uva.es/handle/10324/5577</subfield>
</datafield>
<datafield ind1=" " ind2=" " tag="653">
<subfield code="a">Arrendamientos urbanos-Derecho-España</subfield>
</datafield>
<datafield tag="245" ind1="0" ind2="0">
<subfield code="a">Las reformas en la Ley de arrendamientos urbanos</subfield>
</datafield>
</record></metadata></record></GetRecord></OAI-PMH>